000 00515nam a2200169 i 4500
001 77898
003 ES-MaACL
005 20230906173433.0
007 t|
008 041115s1929 sp ||||1| spa d
100 1 _aMarkow, Sergio de.
_976922
245 1 0 _aCómo intenté salvar a la zarina /
_cSergio de Markow ; traducción del alemán por M. Perales.
260 _aBilbao :
_bEspasa-Calpe,
_c1929.
300 _a281 p., 1 h. ;
_c20 cm.
700 1 _aPerales, M.
_990359
852 _aES-MaACL
_jE-10369
_bR.133653
999 _c77898
_d77898